[Event "Wuertemberg-ch Seniors 27th"]
[Site "Freudenstadt"]
[Date "2015.07.10"]
[Round "9"]
[White "Kuepferle, Ernst"]
[Black "Bayer, Wolfgang"]
[Result "0-1"]
[WhiteElo "1909"]
[BlackElo "2051"]
[PlyCount "148"]
[EventDate "2015.07.03"]
[EventType "swiss"]
[EventRounds "9"]
[EventCountry "GER"]
[SourceTitle "EXT 2016"]
[Source "ChessBase"]
[SourceDate "2015.10.08"]
[SourceVersion "1"]
[SourceVersionDate "2015.10.08"]
[SourceQuality "1"]

1. e4 c5 2. Nc3 g6 3. f4 Nc6 4. Nf3 Bg7 5. Bb5 Nd4 6. 0-0 Nxb5 7. Nxb5 a6 8. Nc3 e6 9. d3 Ne7 10. Qe1 b5 11. e5 Bb7 12. Ne4 Bxe4 13. dxe4 d5 14. exd6 Qxd6 15. c3 0-0 16. Qh4 f6 17. Be3 Rad8 18. Rae1 Qc6 19. Qh3 Rd3 20. Bc1 Rfd8 21. Re3 Rxe3 22. Bxe3 Qxe4 23. Bxc5 Nf5 24. g4 Qd5 25. Bf2 Nd6 26. g5 f5 27. Bd4 Bxd4+ 28. Nxd4 e5 29. fxe5 Qxe5 30. Qg2 Ne4 31. Kh1 Rd6 32. Kg1 b4 33. Nf3 Qc5+ 34. Kh1 bxc3 35. bxc3 Qxc3 36. Rb1 Qc7 37. a4 Rc6 38. Qa2+ Kf8 39. Qb2 Rc3 40. Qb4+ Qd6 41. Qb7 Rc7 42. Qb8+ Kg7 43. Qb2+ Nc3 44. Rc1 Qd3 45. Kg2 Qe3 46. Re1 Qc5 47. Rc1 a5 48. Qb8 Qc4 49. Rc2 Qg4+ 50. Kf2 Nd1+ 51. Ke1 Qe4+ 52. Re2 Qc4 53. Qd8 Qc3+ 54. Nd2 Ne3 55. Qf6+ Qxf6 56. gxf6+ Kxf6 57. Rxe3 Rc1+ 58. Ke2 Ra1 59. Rc3 Rxa4 60. Rc6+ Kg5 61. Rc3 h5 62. h3 Kh4 63. Nf3+ Kxh3 64. Ne5+ Kg2 65. Nxg6 Rg4 66. Nf8 h4 67. Nd7 h3 68. Rc2 h2 69. Ke3+ Kh3 70. Rc1 Rg1 71. Rc8 h1Q 72. Rh8+ Kg2 73. Rxh1 Rxh1 74. Nc5 Re1+ 0-1

[Event "Wuertemberg-ch Seniors 27th"]
[Site "Freudenstadt"]
[Date "2015.07.09"]
[Round "7"]
[White "Kuepferle, Ernst"]
[Black "Smits, Oswald"]
[Result "1-0"]
[WhiteElo "1909"]
[BlackElo "1866"]
[PlyCount "103"]
[EventDate "2015.07.03"]
[EventType "swiss"]
[EventRounds "9"]
[EventCountry "GER"]
[SourceTitle "EXT 2016"]
[Source "ChessBase"]
[SourceDate "2015.10.08"]
[SourceVersion "1"]
[SourceVersionDate "2015.10.08"]
[SourceQuality "1"]

1. e4 e5 2. Nc3 Nf6 3. Bc4 Bc5 4. d3 d6 5. Nf3 Bg4 6. h3 Bh5 7. Bd2 Nc6 8. Nd5 h6 9. g4 Bg6 10. Nh4 Bh7 11. Nf5 Bxf5 12. gxf5 Nxd5 13. Bxd5 Qh4 14. Rh2 Ne7 15. Bb3 a5 16. c3 c6 17. Qg4 Qxg4 18. hxg4 Ng8 19. g5 h5 20. Ke2 Ne7 21. Rah1 g6 22. f6 Nc8 23. f4 exf4 24. Bxf4 Rf8 25. d4 Bb6 26. Kd3 a4 27. Bd1 Kd7 28. b3 a3 29. b4 Na7 30. c4 Bc7 31. d5 b5 32. Bb3 bxc4+ 33. Bxc4 Rab8 34. Rb1 c5 35. b5 Ba5 36. Bd2 Bb6 37. Rb3 Ra8 38. Rxa3 Rfb8 39. Bf4 Nc8 40. Ra6 Rxa6 41. bxa6 Na7 42. Rb2 Bc7 43. Rxb8 Bxb8 44. a4 Nc8 45. Bb5+ Kd8 46. Kc4 Na7 47. Be3 Kc7 48. Be8 h4 49. Bxf7 Kd7 50. Bxg6 Bc7 51. Bf5+ Ke8 52. g6 1-0

[Event "Wuerttemberg-ch Seniors op 26th"]
[Site "Freudenstadt"]
[Date "2014.07.24"]
[Round "9"]
[White "Kromer, Thomas"]
[Black "Kuepferle, Ernst"]
[Result "1-0"]
[WhiteElo "1898"]
[BlackElo "1934"]
[PlyCount "101"]
[EventDate "2014.07.16"]
[EventType "swiss"]
[EventRounds "9"]
[EventCountry "GER"]
[SourceTitle "EXT 2019"]
[Source "ChessBase"]
[SourceDate "2018.10.10"]
[SourceVersion "1"]
[SourceVersionDate "2018.10.10"]
[SourceQuality "1"]

1. e4 c5 2. Nf3 Nc6 3. d4 cxd4 4. Nxd4 e6 5. Nc3 a6 6. Be3 Nge7 7. Qd2 Nxd4 8. Bxd4 Nc6 9. Be3 b5 10. Be2 Bb7 11. Bf3 Ne5 12. 0-0 Rc8 13. Qe2 Nxf3+ 14. gxf3 Qh4 15. Rad1 Bc5 16. Nxb5 axb5 17. Qxb5 Bxe3 18. Qxd7+ Kf8 19. fxe3 Qe7 20. Qd6 Rxc2 21. Qd8+ Qe8 22. Qb6 Bd5 23. exd5 f6 24. Qd6+ Kf7 25. Qxe6+ Qxe6 26. dxe6+ Kxe6 27. Rf2 Rhc8 28. Rdd2 R2c5 29. b4 Rc3 30. Rfe2 Ra3 31. Kf2 Rc4 32. b5 Ra5 33. Rb2 Kd6 34. Red2+ Ke7 35. b6 Rh5 36. e4 Rxh2+ 37. Ke3 Rc3+ 38. Kd4 Rxd2+ 39. Rxd2 Rc8 40. b7 Rb8 41. Rg2 g6 42. Rb2 Kd7 43. f4 Kc7 44. e5 Rd8+ 45. Kc5 fxe5 46. b8Q+ Rxb8 47. Rxb8 Kxb8 48. fxe5 Kc7 49. a4 h5 50. Kd5 g5 51. Ke4 1-0

[Event "Wuerttemberg-ch Seniors op 26th"]
[Site "Freudenstadt"]
[Date "2014.07.23"]
[Round "8"]
[White "Kuepferle, Ernst"]
[Black "Mueller, Herbert2222"]
[Result "1-0"]
[WhiteElo "1934"]
[BlackElo "1703"]
[PlyCount "103"]
[EventDate "2014.07.16"]
[EventType "swiss"]
[EventRounds "9"]
[EventCountry "GER"]
[SourceTitle "EXT 2019"]
[Source "ChessBase"]
[SourceDate "2018.10.10"]
[SourceVersion "1"]
[SourceVersionDate "2018.10.10"]
[SourceQuality "1"]

1. e4 e5 2. Bc4 Nf6 3. Nc3 Be7 4. Nf3 d6 5. d4 exd4 6. Nxd4 0-0 7. 0-0 Nbd7 8. f4 Nb6 9. Bd3 c5 10. Nf3 Bg4 11. h3 Bxf3 12. Qxf3 Qc7 13. Be3 a6 14. Rad1 Nbd7 15. Rfe1 b5 16. Bf2 c4 17. Bf1 Rfd8 18. g4 h6 19. h4 Rab8 20. g5 hxg5 21. hxg5 Nh7 22. Nd5 Ne5 23. fxe5 Nxg5 24. Qg4 Qd7 25. Nxe7+ Qxe7 26. Rxd6 Qxe5 27. Rxd8+ Rxd8 28. Rd1 Rxd1 29. Qxd1 Nxe4 30. Qd8+ Kh7 31. Qh4+ Kg8 32. c3 Qf5 33. Bd4 Qg6+ 34. Bg2 Ng5 35. Kh2 Ne6 36. Be4 Qh6 37. Qxh6 gxh6 38. Bb6 Nf4 39. Bb7 Nd3 40. Bxa6 b4 41. cxb4 Nxb2 42. Bd4 Nd3 43. b5 Nb4 44. a4 f5 45. Bc8 Kf7 46. a5 Nd5 47. a6 c3 48. Bxc3 Nxc3 49. a7 Nxb5 50. a8Q Nd6 51. Qd5+ Ke7 52. Bxf5 1-0

[Event "Wuerttemberg-ch Seniors op 26th"]
[Site "Freudenstadt"]
[Date "2014.07.21"]
[Round "6"]
[White "Kuepferle, Ernst"]
[Black "Janzen, Christian"]
[Result "1-0"]
[WhiteElo "1934"]
[BlackElo "1760"]
[PlyCount "51"]
[EventDate "2014.07.16"]
[EventType "swiss"]
[EventRounds "9"]
[EventCountry "GER"]
[SourceTitle "EXT 2019"]
[Source "ChessBase"]
[SourceDate "2018.10.10"]
[SourceVersion "1"]
[SourceVersionDate "2018.10.10"]
[SourceQuality "1"]

1. e4 e5 2. Bc4 Nf6 3. Nc3 Be7 4. Nf3 d6 5. d4 exd4 6. Nxd4 0-0 7. 0-0 Nbd7 8. f4 Nb6 9. Bd3 c5 10. Nf3 Bd7 11. b3 Bc6 12. Bb2 Nfd7 13. Qe2 f6 14. Rae1 Re8 15. Nh4 Bf8 16. Qg4 Kh8 17. Qh3 Kg8 18. a4 a5 19. Qf5 Qe7 20. Nd5 Bxd5 21. exd5 g6 22. Nxg6 hxg6 23. Qxg6+ Qg7 24. Rxe8 Qxg6 25. Bxg6 Kg7 26. Bh5 1-0

[Event "Baden-ch Seniors"]
[Site "Haslach im Kinzigtal"]
[Date "2010.06.05"]
[Round "9"]
[White "Kuepferle, Ernst"]
[Black "Schneider, Klaus"]
[Result "1-0"]
[WhiteElo "1788"]
[BlackElo "1890"]
[PlyCount "50"]
[EventDate "2010.05.29"]
[EventType "swiss"]
[EventRounds "9"]
[EventCountry "GER"]
[SourceTitle "EXT 2011"]
[Source "ChessBase"]
[SourceDate "2010.11.26"]
[SourceVersion "1"]
[SourceVersionDate "2010.11.26"]
[SourceQuality "1"]

1. e4 c6 2. Nc3 d5 3. Nf3 dxe4 4. Nxe4 Bg4 5. h3 Bh5 6. Ng3 Bg6 7. h4 h6 8. Ne5 Bh7 9. Qh5 g6 10. Bc4 e6 11. Qe2 Qd6 12. d4 Bg7 13. c3 Nd7 14. Ne4 Qe7 15. f4 Ngf6 16. Ng3 h5 17. Bd2 Rc8 18. Bb3 b5 19. 0-0 0-0 20. Nf3 Rfe8 21. Ng5 a6 22. Rae1 Nb6 23. f5 gxf5 24. Nxh7 Kxh7 25. Nxf5 Ng4 1-0

[Event "Baden-ch Seniors"]
[Site "Haslach im Kinzigtal"]
[Date "2010.06.05"]
[Round "8"]
[White "Osthof, Alfred"]
[Black "Kuepferle, Ernst"]
[Result "1-0"]
[WhiteElo "2182"]
[BlackElo "1788"]
[PlyCount "195"]
[EventDate "2010.05.29"]
[EventType "swiss"]
[EventRounds "9"]
[EventCountry "GER"]
[SourceTitle "EXT 2011"]
[Source "ChessBase"]
[SourceDate "2010.11.26"]
[SourceVersion "1"]
[SourceVersionDate "2010.11.26"]
[SourceQuality "1"]

1. c4 Nf6 2. Nc3 g6 3. g3 c6 4. Bg2 Bg7 5. e4 e5 6. Nf3 d6 7. d4 Qc7 8. 0-0 0-0 9. h3 Re8 10. Be3 Nbd7 11. Qc2 b6 12. Rad1 Bb7 13. d5 Nf8 14. Qd2 Rad8 15. Ne1 cxd5 16. cxd5 Ba6 17. Nd3 N6d7 18. Rfe1 Nc5 19. Bf1 Nfd7 20. b4 Nxd3 21. Bxd3 Bc8 22. Rc1 Nf6 23. Bf1 Qe7 24. Bg5 Qf8 25. g4 h6 26. Bh4 g5 27. Bg3 Qe7 28. f3 Nd7 29. Bb5 Qf6 30. Qf2 Re7 31. h4 Nf8 32. h5 Nd7 33. Kg2 Nb8 34. Qe2 Rc7 35. Rc2 Bb7 36. Rec1 Rdc8 37. Bf2 Qd8 38. Bd3 Bf6 39. Kf1 Bg7 40. Ke1 Bf6 41. Be3 Bg7 42. Kd1 Bf6 43. Nb5 Rxc2 44. Rxc2 Rxc2 45. Qxc2 a6 46. Nc3 Nd7 47. Ne2 Qc8 48. Ng3 Be7 49. Qd2 Qd8 50. Nf5 Bf8 51. Qc1 Kh7 52. Bf2 Qc8 53. Qxc8 Bxc8 54. Kc2 f6 55. Kb3 Kg8 56. Bc2 Kf7 57. Ne3 Ke8 58. Nc4 b5 59. Na5 Kd8 60. a4 bxa4+ 61. Kxa4 Kc7 62. Nc4 Nb8 63. Ka5 Kb7 64. Bd3 Be7 65. Ka4 Bd7+ 66. Kb3 Be8 67. Na3 Bd7 68. b5 axb5 69. Bxb5 Bxb5 70. Nxb5 Na6 71. Kc4 Nc7 72. Nc3 Ka6 73. Kb4 Bd8 74. Ne2 Ne8 75. Ka4 Ba5 76. Nc1 Bd8 77. Be1 Bc7 78. Na2 Bb6 79. Nb4+ Kb7 80. Nc6 f5 81. exf5 Nf6 82. Ne7 Bd8 83. Nc6 Bc7 84. Nb4 Bb6 85. Kb5 e4 86. fxe4 Nxe4 87. Kc4 Nf6 88. Bc3 Nxg4 89. f6 Nxf6 90. Bxf6 g4 91. Bh4 Kc7 92. Kd3 Kd7 93. Nc6 Bg1 94. Ke4 Bh2 95. Nd4 Be5 96. Nf5 Ke8 97. Nxh6 g3 98. Kf3 1-0